00592nam a2200157 a 450000100100000000500170001000800410002704000250006808200270009310000280012024500890014826000670023730000210030465000640032565000450038900000647920200929153932.0090831s1951 dr 001 0 spa d aDO-SdBNPbspacBNPHU a361.97293bH565t, 19511 aHerrera Bornia, Orestes10aTareas de previsión social en la República Dominicana /cOrestes Herrera Bornia. aCiudad Trujillo, República Dominicana :bArte y Cine,c1951. a274 p. ;c21 cm. 4aAsistencia públicaxLegislaciónzRepública Dominicana 4aSeguridad socialzRepública Dominicana